| 000 | 00943cam a22002891 4500 | ||
|---|---|---|---|
| 999 |
_c5444 _d5444 |
||
| 001 | 7489393 | ||
| 003 | GBCCL | ||
| 005 | 20241126110542.0 | ||
| 008 | 740107s1961 nyua 000 0 eng | ||
| 010 | _a 60012779 | ||
| 015 | _aGB61-5797 | ||
| 035 | _a(OCoLC)771146 | ||
| 040 |
_aDLC _cOYU _dOCoLC _dUk _dDLC |
||
| 042 | _apremarc | ||
| 050 | 0 | 0 |
_aHF5726 _b.S86 1961 |
| 082 |
_a651.742 _bSTE |
||
| 100 | 1 |
_aStewart, Marie M., _d1899- _99790 |
|
| 245 | 1 | 0 | _aBusiness English and communication. |
| 250 |
_a2d ed. _b[by] Marie M. Stewart [and others] |
||
| 260 |
_aNew York, _bGregg Pub. Division, McGraw-Hill _c[1961] |
||
| 300 |
_a564 p. _billus. _c22 cm. |
||
| 500 | _a"Predecessor, Business English and letter writing, by Hagar, Stewart, and Hutchinson." | ||
| 650 | 0 |
_aCommercial correspondence. _99791 |
|
| 650 | 0 |
_aEnglish language _xBusiness English. _99792 |
|
| 906 |
_a7 _bcbc _coclcrpl _du _encip _f19 _gy-gencatlg |
||
| 942 |
_2ddc _cBK |
||